00232nam a2200085Ia 4500020001900000100002100019245005300040082001200093008004100105 a9781844286195" aHOROWITZ ANTHONY 0aRAVEN'S GATE: DARKNESS WAITS ON THE OTHER SIDE.. aEF HORO210805s9999 xx 000 0 und d